| 000 | 00635nam a2200241 a 4500 | ||
|---|---|---|---|
| 005 | 20140311163027.0 | ||
| 008 | 080917s19uu xx 00 eng d | ||
| 020 | _a0131984543 | ||
| 050 |
_aHF 5415 _b.M2965 2007 |
||
| 100 | _aArmstrong, Gary | ||
| 245 |
_aMarketing : _ban introduction. / |
||
| 250 | _a8th ed. | ||
| 260 |
_aSingapore : _bPearson Education International, _c2007. |
||
| 300 |
_a522 p. : _bcol. ill. ; _c27 cm. |
||
| 521 | _aBSBA | ||
| 650 | _aBSBA. | ||
| 650 | _aMarketing. | ||
| 650 |
_aMarketing _xManagement. |
||
| 700 | _aKotler, Philip | ||
| 942 |
_cBK _2lcc _kFOR |
||
| 999 |
_c39559 _d39559 |
||